Слово блаженнішого митрополита Андрея на Відкритті XVI Собору Української Греко-Православної Церкви в Канаді 3-го липня 1980 року (Запис № 574508)

МАРК-запис
000 -Лідер
fixed length control field 00954nam a22002177a 4500
001 - Контрольний номер
control field 2162214035923836
003 - Ідентифікатор контрольного номера
control field UA-OsUOA
005 - Дата та час останнього входження (трансакції)
control field 20230703142825.0
008 - Елементи даних фіксованої довжини – загальна інформація
fixed length control field 230629b un ||||| |||| 00| 0 ukr d
040 ## - Джерело каталогізації
Агенція оригінальної каталогізації UA-OsUOA
Мова каталогізації ukr
Агенція, яка здійснювала перезапис UA-OsUOA
Агенція, яка здійснювала модифікацію UA-OsUOA
041 ## - Код мови
Код мови тексту/ звукової доріжки чи окремого заголовка (П) ukr
080 ## - Індекс Універсальної десяткової класифікації
Індекс Універсальної десяткової класифікації (УДК) (НП) 82-5
082 ## - Індекс за Десятковою класифікацією Дьюї
Ідентифікатор видання
090 ## - Локальний шифр розміщення
Класифікаційний індекс УДК 82-5
Авторський знак (НП) С48
111 ## - Наймення заходу – загальна інформація
Найменування заходу як початковий елемент введення Відкриття XVI Собору Української Греко-Православної Церкви в Канаді
Дата зустрічі 04.07.1980
245 ## - Відомості про назву
Назва (НП) Слово блаженнішого митрополита Андрея на Відкритті XVI Собору Української Греко-Православної Церкви в Канаді 3-го липня 1980 року
300 ## - Фізичний опис
Обсяг 13 с.
650 ## - Додаткове предметне введення – тематичний термін
Джерело заголовка чи терміна UDC
Тематичний термін чи географічна назва, як елемент введення (НП) 82-5 Промови
942 ## - Додаткові елементи входу (Коха)
Source of classification or shelving scheme Universal Decimal Classification
Тип елемента Koha Брошура
Фонди
Стан вилучень Стан втрат Джерело класифікації або схеми стелажів Стан уражень Не для кредиту Постійне місце розташування Поточне розміщення Дата придбання Джерело придбання Кодування класифікатора місцеположення Інвентарний номер Усього замовленно Повний номер виклику Штрих-код Дата останнього перегляду Ціна ефективна від Тип елемента Koha
    Universal Decimal Classification     Наукова бібліотека ІДУД Наукова бібліотека ІДУД 29/06/2023 Акт надходжень №1/09.06.2023 (загальний) 2140403   82-5 С48 2140403 29/06/2023 29/06/2023 Брошура